Spartak Moscow Biggest Transfers - Statistics

General Stats
  • This quiz has been taken 21 times
  • The average score is 64 of 144
Answer Stats
% Correct
Incomings Netherlands LW Quincy Promes 14/15 Twente
100%
Incomings Netherlands LW Quincy Promes 20/21 Ajax
100%
Outgoings Netherlands LW Quincy Promes 18/19 Sevilla
100%
Incomings Serbia CB Nemanja Vidic 04/05 Crvena Zvezda
86%
Outgoings Serbia CB Nemanja Vidic 05/06 Manchester United
86%
Incomings Ireland LW Aiden McGeady 10/11 Celtic
79%
Outgoings Ireland LW Aiden McGeady 13/14 Everton
79%
Incomings Czech Republic DM Alex Kral 19/20 Slavia Prague
79%
Outgoings Czech Republic DM Alex Kral 21/22 West Ham United
79%
Incomings Germany LW Andre Schurrle 19/20 Borussia Dortmund
79%
Incomings Nigeria RM Victor Moses 21/22 Chelsea
79%
Incomings Cape Verde ST Ze Luis 15/16 Braga
79%
Outgoings Cape Verde ST Ze Luis 19/20 Porto
79%
Incomings Luxembourg DM Christopher Martins Pereira 22/23 Young Boys
71%
Incomings Brazil DM Fernando 16/17 Sampdoria
71%
Outgoings Brazil DM Fernando 19/20 Beijing Guoan
71%
Outgoings Brazil DM Fernando 19/20 Beijing Guoan
71%
Incomings Sweden ST Jordan Larsson 19/20 Norrkoping
71%
Outgoings Russia ST Roman Pavlyuchenko 08/09 Tottenham Hotspur
71%
Outgoings Russia SS Aleksandr Kokorin 20/21 Fiorentina
64%
Incomings Russia ST Aleksandr Sobolev 20/21 Krylya Sovetov
64%
Outgoings Russia ST Artem Dzyuba 14/15 Rostov
64%
Incomings Nigeria ST Emmanuel Emenike 11/12 Fenerbahce
64%
Outgoings Nigeria ST Emmanuel Emenike 13/14 Fenerbahce
64%
Incomings Netherlands AM Guus Til 19/20 AZ Alkmaar
64%
Outgoings Netherlands AM Guus Til 22/23 PSV
64%
Outgoings Netherlands AM Guus Til 21/22 Feyenoord
64%
Incomings Paraguay LW Lorenzo Melgarejo 15/16 Kuban Krasnodar
64%
Incomings Serbia CB Srdjan Babic 23/24 Almeria
64%
Incomings Brazil AM Alex 08/09 Internacional
57%
Outgoings Brazil AM Alex 10/11 Corinthians
57%
Incomings Armenia RW Aras Ozbiliz 13/14 Kuban Krasnodar
57%
Outgoings Armenia RW Aras Ozbiliz 15/16 Besiktas
57%
Incomings Russia CM Denis Glushakov 13/14 Lokomotiv Moscow
57%
Incomings Russia AM Diniyar Bilyaletdinov 11/12 Everton
57%
Incomings Argentina ST Fernando Cavenaghi 04/05 River Plate
57%
Outgoings Argentina ST Fernando Cavenaghi 06/07 Bordeaux
57%
Incomings Sweden CM Kim Kallstrom 12/13 Lyon
57%
Incomings Moldova LB Oleg Reabciuk 23/24 Olympiacos
57%
Incomings France CB Samuel Gigot 18/19 Gent
57%
Incomings Algeria AM Sofiane Hanni 17/18 Anderlecht
57%
Outgoings Algeria AM Sofiane Hanni 19/20 Al-Gharafa
57%
Incomings DR Congo RW Theo Bongonda 23/24 Cadiz
57%
Incomings Brazil ST Welliton 07/08 Goias
57%
Outgoings Brazil ST Welliton 12/13 Gremio
57%
Outgoings Brazil ST Welliton 14/15 Mersin Idmanyurdu
57%
Incomings Armenia ST Yura Movsisyan 12/13 Krasnodar
57%
Outgoings Armenia ST Yura Movsisyan 16/17 Real Salt Lake
57%
Incomings Russia GK Aleksandr Selikhov 16/17 Amkar Perm
50%
Incomings Russia CM Dmitriy Alenichev 04/05 Porto
50%
Outgoings Russia CM Dmitriy Alenichev 98/99 Roma
50%
Incomings Russia LB Dmitriy Kombarov 10/11 Dynamo Moscow
50%
Incomings Argentina ST Ezequiel Ponce 19/20 Roma
50%
Outgoings Argentina ST Ezequiel Ponce 22/23 Elche
50%
Incomings Bulgaria AM Ivelin Popov 15/16 Kuban Krasnodar
50%
Incomings Russia RB Kirill Kombarov 10/11 Dynamo Moscow
50%
Incomings Uzbekistan AM Oston Urunov 20/21 Ufa
50%
Incomings Russia CM Roman Zobnin 16/17 Dynamo Moscow
50%
Incomings Jamaica ST Shamar Nicholson 21/22 Charleroi
50%
Incomings Croatia GK Stipe Pletikosa 06/07 Shakhtar Donetsk
50%
Incomings Russia RM Vladimir Bystrov 05/06 Zenit
50%
Outgoings Russia RM Vladimir Bystrov 09/10 Zenit
50%
Outgoings Russia ST Dmitriy Sychev 02/03 Marseille
43%
Incomings Paraguay RW Jesus Medina 23/24 CSKA Moscow
43%
Outgoings Brazil ST Luiz Adriano 19/20 Palmeiras
43%
Incomings Czech Republic CB Marek Suchy 10/11 Slavia Prague
43%
Incomings Czech Republic CB Marek Suchy 09/10 Slavia Prague
43%
Outgoings Czech Republic CB Marek Suchy 14/15 Basel
43%
Incomings Brazil DM Mozart 05/06 Reggina
43%
Incomings Brazil LW Pedro Rocha 17/18 Gremio
43%
Incomings Ghana LW Quincy Owusu-Abeyie 05/06 Arsenal
43%
Outgoings Ghana LW Quincy Owusu-Abeyie 09/10 Al-Sadd
43%
Incomings Czech Republic CB Radoslav Kovac 04/05 Sparta Prague
43%
Outgoings Czech Republic CB Radoslav Kovac 09/10 West Ham United
43%
Incomings Italy CB Salvatore Bocchetti 12/13 Rubin Kazan
43%
Incomings Germany CB Serdar Tasci 13/14 Stuttgart
43%
Outgoings Germany CB Serdar Tasci 15/16 Bayern Munich
43%
Incomings Russia RW Aleksandr Samedov 16/17 Lokomotiv Moscow
36%
Outgoings Russia RW Aleksandr Samedov 05/06 Lokomotiv Moscow
36%
Incomings Russia ST Ari 09/10 AZ Alkmaar
36%
Incomings Netherlands CM Demy de Zeeuw 11/12 Ajax
36%
Incomings Russia CB Georgiy Dzhikiya 16/17 Amkar Perm
36%
Incomings Spain AM Jose Manuel Jurado 13/14 Schalke
36%
Incomings Spain AM Jose Manuel Jurado 12/13 Schalke
36%
Outgoings Spain AM Jose Manuel Jurado 15/16 Watford
36%
Incomings Argentina CB Juan Manuel Insaurralde 12/13 Boca Juniors
36%
Incomings Paraguay ST Lucas Barrios 13/14 Guangzhou Evergrande
36%
Outgoings Paraguay ST Lucas Barrios 15/16 Palmeiras
36%
Incomings Germany LB Malik Fathi 07/08 Hertha Berlin
36%
Outgoings Germany LB Malik Fathi 11/12 Mainz
36%
Outgoings Germany LB Malik Fathi 09/10 Mainz
36%
Incomings Argentina CB Marcos Rojo 10/11 Estudiantes
36%
Outgoings Argentina CB Marcos Rojo 12/13 Sporting CP
36%
Incomings Austria CB Martin Stranzl 05/06 Stuttgart
36%
Incomings Belgium CB Maximiliano Caufriez 21/22 Sint-Truiden
36%
Outgoings Belgium CB Maximiliano Caufriez 23/24 Clermont Foot
36%
Incomings Argentina CB Nicolas Pareja 10/11 Espanyol
36%
Outgoings Argentina CB Nicolas Pareja 14/15 Sevilla
36%
Outgoings Russia ST Pavel Pogrebnyak 05/06 Tom Tomsk
36%
Incomings Brazil DM Rafael Carioca 08/09 Gremio
36%
Incomings Brazil DM Romulo 12/13 Vasco da Gama
36%
Outgoings Russia RW Aleksandr Lomovitskiy 21/22 Rubin Kazan
29%
Incomings Russia RW Aleksandr Tashaev 18/19 Dynamo Moscow
29%
Outgoings Russia LB Andrey Ivanov 10/11 Lokomotiv Moscow
29%
Incomings Russia LW Anton Zinkovskiy 22/23 Krylya Sovetov
29%
Incomings Brazil LB Ayrton Lucas 18/19 Fluminense
29%
Outgoings Brazil LB Ayrton Lucas 22/23 Flamengo
29%
Incomings Argentina LB Clement Rodriguez 04/05 Boca Juniors
29%
Incomings Brazil CM Ibson 09/10 Porto
29%
Outgoings Brazil CM Ibson 11/12 Santos
29%
Incomings Russia RW Ivan Saenko 08/09 Nuremberg
29%
Incomings Ghana SS Majeed Waris 12/13 Hacken
29%
Outgoings Ghana SS Majeed Waris 14/15 Trabzonspor
29%
Incomings Czech Republic CB Martin Jiranek 04/05 Reggina
29%
Incomings Serbia CB Nikola Maksimovic 17/18 Napoli
29%
Incomings Argentina CM Tino Costa 13/14 Valencia
29%
Incomings Portugal RB Tomas Tavares 22/23 Benfica
29%
Incomings Paraguay CB Alexis Duarte 22/23 Cerro Porteno
21%
Incomings Latvia LW Andrejs Rubins 04/05 Shinnik Yaroslavl
21%
Incomings Brazil CB Antonio Geder 06/07 Saturn Ramenskoe
21%
Outgoings Brazil CB Antonio Geder 07/08 Le Mans
21%
Incomings Argentina AM Cristian Maidana 07/08 Banfield
21%
Incomings Russia LB Daniil Khlusevich 21/22 Arsenal Tula
21%
Incomings Russia CM Danil Prutsev 21/22 Krylya Sovetov
21%
Outgoings Russia ST Dmitriy Radchenko 93/94 Racing Santander
21%
Incomings Romania CB Gabriel Tamas 03/04 Galatasaray
21%
Outgoings Romania CB Gabriel Tamas 07/08 Auxerre
21%
Outgoings Russia ST Maksim Glushenkov 22/23 Krylya Sovetov
21%
Outgoings Montenegro DM Nikola Drincic 10/11 Krasnodar
21%
Incomings Russia LW Reziuan Mirzov 19/20 Rostov
21%
Incomings Russia CB Aleksandr Belozerov 03/04 Lada Togliatti
14%
Outgoings Russia CM Aleksandr Pavlenko 10/11 Terek Grozny
14%
Outgoings Russia GK Dmitriy Khomich 09/10 Alania Vladikavkaz
14%
Incomings Russia LB Georgiy Tigiev 17/18 Anzhi Makhachkala
14%
Outgoings Russia CM Igor Ledyakhov 94/95 Sporting Gijon
14%
Incomings Croatia DM Ognjen Vukojevic 12/13 Dynamo Kyiv
14%
Incomings Germany RW Patrick Ebert 13/14 Real Valladolid
14%
Outgoings Russia CB Renat Sabitov 10/11 Tom Tomsk
14%
Incomings Belarus ST Roman Vasilyuk 01/02 Slavia Mozyr
14%
Incomings Moldova CM Serghei Covalciuc 04/05 Karpaty Lviv
14%
Incomings Serbia AM Srdjan Stanic 03/04 OFK Beograd
14%
Outgoings Russia CB Yuriy Nikiforov 96/97 Sporting Gijon
14%
Incomings Russia CM Ayaz Guliyez 18/19 Rostov
7%
Outgoings Brazil CB Moises Moura 03/04 Krylya Sovetov
7%
No matching quizzes found
Score Distribution
Percent of People with Each Score
Percentile by Number Answered
Your Score History
You have not taken this quiz